[Event "Mittelfranken-chTB2a 1213"]
[Site "Germany"]
[Date "2012.10.07"]
[Round "6.1"]
[White "Hoermann, Gunther"]
[Black "Vogiatzis, Dimitrios"]
[Result "1-0"]
[WhiteElo "2080"]
[BlackElo "2107"]
[PlyCount "116"]
[EventDate "2012.10.07"]
[EventType "team-tourn"]
[EventRounds "9"]
[EventCountry "GER"]
[SourceTitle "EXT 2019"]
[Source "ChessBase"]
[SourceDate "2018.10.10"]
[SourceVersion "1"]
[SourceVersionDate "2018.10.10"]
[SourceQuality "1"]
[WhiteTeam "Cadolzburg"]
[BlackTeam "Nuernberg NT V"]
[WhiteTeamCountry "GER"]
[BlackTeamCountry "GER"]

1. d4 d5 2. g3 c6 3. Bg2 f5 4. c4 e6 5. Nh3 Nf6 6. 0-0 Bd6 7. Bf4 Be7 8. Bxb8 Rxb8 9. Nd2 0-0 10. Qc2 Ne4 11. Nf4 Bf6 12. Nf3 Nd6 13. b3 Nf7 14. Nd3 Qd6 15. Qb2 b6 16. Nfe5 Bb7 17. Rac1 c5 18. dxc5 bxc5 19. f4 dxc4 20. Rxc4 Bxg2 21. Kxg2 Nxe5 22. fxe5 Qd5+ 23. Rf3 Qxc4 24. bxc4 Rxb2 25. Nxb2 Bxe5 26. Na4 Bd4 27. Rb3 g5 28. e3 Bf6 29. Nxc5 Rc8 30. Nd7 Be7 31. Ne5 Bd6 32. Rb5 Bxe5 33. Rxe5 Kf7 34. Ra5 Rc7 35. Kf3 Kf6 36. Ra4 h5 37. e4 Rc6 38. Ke3 g4 39. exf5 exf5 40. Kf4 a6 41. c5 Ke6 42. Rc4 a5 43. Rc2 Kf6 44. Rc3 a4 45. Rc4 a3 46. Rc3 Re6 47. Rc4 Rc6 48. Ra4 Rxc5 49. Ra6+ Kg7 50. Rxa3 h4 51. gxh4 Kh6 52. Ra8 Kg6 53. Ra6+ Kh5 54. a3 g3 55. hxg3 Rc4+ 56. Kxf5 Rc5+ 57. Kf4 Rf5+ 58. Ke4 Rf1 1-0

[Event "Mittelfranken-chTB2a 1112"]
[Site "Germany"]
[Date "2012.02.05"]
[Round "6.1"]
[White "Koschka, Robert"]
[Black "Hoermann, Gunther"]
[Result "0-1"]
[WhiteElo "1837"]
[BlackElo "2039"]
[PlyCount "136"]
[EventDate "2011.09.25"]
[EventType "team-tourn"]
[EventRounds "9"]
[EventCountry "GER"]
[SourceTitle "EXT 2013"]
[Source "ChessBase"]
[SourceDate "2012.11.22"]
[SourceVersion "1"]
[SourceVersionDate "2012.11.22"]
[SourceQuality "1"]
[WhiteTeam "Fuerth II"]
[BlackTeam "Cadolzburg"]
[WhiteTeamCountry "GER"]
[BlackTeamCountry "GER"]

1. e4 c5 2. f4 d5 3. Nc3 d4 4. Nce2 Nc6 5. Nf3 Bg4 6. Ng3 Nf6 7. Bb5 Qc7 8. Bxc6+ Qxc6 9. d3 e6 10. h3 Bxf3 11. Qxf3 Be7 12. 0-0 0-0 13. Kh1 Nd7 14. Ne2 f5 15. e5 Qxf3 16. Rxf3 Nb6 17. c4 dxc3 18. bxc3 Rfd8 19. d4 Nc4 20. Rd3 Kf7 21. Be3 Rd5 22. Bf2 h6 23. Kg1 g5 24. g3 Rc8 25. Kf1 Rc6 26. Rdd1 Ra6 27. Ke1 b6 28. Nc1 Na3 29. Rd2 cxd4 30. Bxd4 Nb5 31. Ne2 Nxd4 32. Rxd4 Rxd4 33. Nxd4 gxf4 34. gxf4 Bc5 35. Nc2 Ra4 36. Kd2 Rxf4 37. Re1 Rf2+ 38. Re2 Rf3 39. Rh2 f4 40. Nd4 Bxd4 41. cxd4 Ra3 42. Ke1 Kg6 43. Rg2+ Kf5 44. h4 Rh3 45. Rg7 Rh1+ 46. Kf2 Rh2+ 47. Kf3 Rh3+ 48. Kf2 Ra3 49. Rf7+ Ke4 50. Rf6 Rxa2+ 51. Kf1 Kxd4 52. Rxe6 Ra5 53. Rxh6 Rxe5 54. Rh7 a5 55. Rf7 Ke3 56. Rb7 b5 57. Ra7 a4 58. Ra8 Kf3 59. Rg8 a3 60. Ra8 b4 61. Ra4 Rc5 62. Ke1 Ke3 63. Kd1 Rc4 64. h5 f3 65. Ra8 Rd4+ 66. Kc2 f2 67. Re8+ Kf3 68. Rf8+ Rf4 0-1

[Event "Nuremberg LGA Cup 8th"]
[Site "Nuremberg"]
[Date "2011.09.09"]
[Round "3"]
[White "Bartsch, Berthold"]
[Black "Hoermann, Gunther"]
[Result "1-0"]
[WhiteElo "2213"]
[BlackElo "2025"]
[PlyCount "75"]
[EventDate "2011.09.08"]
[EventType "swiss"]
[EventRounds "7"]
[EventCountry "GER"]
[SourceTitle "CBM 144 Extra"]
[Source "ChessBase"]
[SourceDate "2011.10.28"]
[SourceVersion "1"]
[SourceVersionDate "2011.10.28"]
[SourceQuality "1"]

1. e4 d5 2. exd5 Qxd5 3. Nc3 Qa5 4. Rb1 e5 5. Bc4 Nf6 6. Qe2 Bg4 7. f3 Bf5 8. d4 Nfd7 9. f4 Nc6 10. Nf3 f6 11. fxe5 0-0-0 12. 0-0 Bg4 13. Qe4 Bxf3 14. gxf3 Nxd4 15. e6 Ne5 16. Bb3 f5 17. Qf4 g5 18. Qg3 g4 19. fxg4 Nxg4 20. Bg5 Bc5 21. Kh1 Rdg8 22. Qf4 Nxb3 23. axb3 Nf2+ 24. Rxf2 Bxf2 25. Bf6 Qc5 26. Qf3 Bd4 27. Bxh8 Rxh8 28. Rf1 Rf8 29. Nd5 Bf6 30. Qxf5 Bd8 31. Qxf8 Qxd5+ 32. Qf3 Qxe6 33. Qf5 Qxf5 34. Rxf5 h6 35. Kg2 Kd7 36. Kf3 Ke6 37. Kf4 b6 38. Rh5 1-0